| 000 | 00378nam a2200157Ia 4500 | ||
|---|---|---|---|
| 008 | 151213s9999 xx 000 0 und d | ||
| 100 | _aA. Friedman | ||
| 245 |
_aThe Jum of The Novel _cA. Friedman |
||
| 250 | _a1st | ||
| 260 |
_aCanada _bOxford University Press _c1966 |
||
| 300 | _a4340 p. | ||
| 650 | _aEnglish | ||
| 650 | _aStory | ||
| 700 | _aA. Friedman | ||
| 999 |
_c2754 _d2754 |
||